A quina provincia pertany cada comarca? - Statistics

General Stats
  • This quiz has been taken 29 times
  • The average score is 34 of 43
Answer Stats
Hint Answer % Correct
Selva Girona
93%
Baix Llobregat Barcelona
89%
Maresme Barcelona
89%
Gironès Girona
89%
Pallars Jussà Lleida
89%
Tarragonès Tarragona
89%
Barcelonès Barcelona
85%
Vallès Occidental Barcelona
85%
Vallès Oriental Barcelona
85%
Baix Empordà Girona
85%
Alta Ribagorça Lleida
85%
Aran Lleida
85%
Baix Camp Tarragona
85%
Ribera d'Ebre Tarragona
85%
Anoia Barcelona
81%
Pla de l'Estany Girona
81%
Alt Urgell Lleida
81%
Pallars Sobirà Lleida
81%
Segrià Lleida
81%
Alt Camp Tarragona
81%
Baix Ebre Tarragona
81%
Bages Barcelona
78%
Berguedà Barcelona
78%
Garraf Barcelona
78%
Moianès Barcelona
78%
Alt Empordà Girona
78%
Garrotxa Girona
78%
Ripollès Girona
78%
Noguera Lleida
78%
Pla d'Urgell Lleida
78%
Segarra Lleida
78%
Urgell Lleida
78%
Montsià Tarragona
78%
Priorat Tarragona
78%
Osona Barcelona
70%
Lluçanès Barcelona
70%
Conca de Barberà Tarragona
70%
Terra Alta Tarragona
70%
Garrigues Lleida
63%
Solsonès Lleida
63%
Alt Penedès Barcelona
59%
Baix Penedès Tarragona
56%
Cerdanya Girona
52%
No matching quizzes found
Score Distribution
Percent of People with Each Score
Percentile by Number Answered
Your Score History
You have not taken this quiz